000 01970nam a2200277Ia 4500
999 _c56228
_d56228
001 23329
003 GE_BSU
005 20251212194339.0
008 181216s1966||||ge |||||||||||||| ||geo||
040 _cGE_BSU
080 _a94(479.22)(093უცხ.) + 94(37) დ-74
245 _aდიონ კასიოსის ცნობები საქართველოს შესახებ = Сведения Диона Кассия о Грузии = Cassii Dionis excerpta ad Georgiam pertinentia /
_cბერძნული ტექსტი ქართულ თარგმანითურთ გამოსცა და შესავალი კომენტარები დაურთო ნოდარ ლომოურმა ; მთ. რედ.: ი. აბულაძე, ვლ. ფუთურიძე ; რედ. ს ყაუხჩიშვილი.
264 _aთბილისი :
_bმეცნიერება,
_c1966.
300 _a175 გვ. ;
_c 22 სმ..
500 _aსაძიებ. გვ. 157-172
504 _aბიბლიოგრაფია გვ. 149156
541 _h7ლ. 40თ.
653 _aდიონ კასიოსის ცნობები საქართველოს შესახებ
653 _aსაქართველოს ისტორიის უცხოური წყაროები
653 _aძველი რომის ისტორია
700 _aლომოური, ნოდარ
_eმთარგმნელი
_95830
700 _aაბულაძე, ი.
_eრედაქტორი
_926494
700 _aფუთურიძე, ვლ.
_eრედაქტორი
_926495
710 _aსაქ. სსრ მეცნ. აკადემია
_bსაქ. შესახებ არსებ. უცხოური წყაროების კომისია
_926496
942 _cBK
_2udc